000 00475nam a2200145 a 4500
001 000040694
005 20201002034317.0
008 130905s2012 dr a 000 0 spa d
040 _aDO-SdBNP
_bspa
_cBNPHU
082 _axxxx
_bxxxx
100 1 _aHolguín A., Marío
_967065
245 1 0 _aFactores de riesgo predominantes en las vías dominicanas. /
_cMarío Holguín A.
260 _aSanto Domingo, :
_bFundación red de la dignidad,
_c2012.
300 _a117 p. :
_bil. ;
_c22 cm.
999 _c40184
_d40184